عرض عادي
عرض مارك
- الرضاعة
مدخل مصطلح موضوعي
001 - رقم الضبط
- حقل الضبط: 34687
003 - معرف رقم الضبط
- حقل الضبط: OSt
005 - تاريخ ووقت أخر عملية
- حقل الضبط: 20130318224553.0
008 - عناصر بيانات ثابتة الطول
- حقل تحكم ثابت الطول: 130318|||a|||||| | ||| d
040 ## - مصدر الفهرسة
- هيئة الفهرسة الأصلية: OSt
- وكالة الكتابة: OSt
150 ## - مدخل-- مصطلح تاريخي
- عنصر مدخل المصطلح الموضوعي او الاسم الجغرافي: الرضاعة
670 ## - بيانات المصدر موجوده
- الاستشهاد بالمصدر: Work cat.: (OSt): إلينجورث، رونالد س, تطور الوليد والطفل الصغير سويا وغير السوي / , 1994
